Score 0/34 Timer 08:00
2 Plays Today
Club (Game) Player % Correct
Man City (vs Leicester, 2017/18)Sergio Aguero
97%
Man City (vs Newcastle, 2015/16)Sergio Aguero
96.6%
Man City (vs Tottenham, 2014/15)Sergio Aguero
96.6%
Tottenham (vs Leicester, 2016/17)Harry Kane
96.3%
Liverpool (vs Norwich, 2013/14)Luis Suarez
84.2%
Man United (vs Hull, 2009/10)Wayne Rooney
83.9%
Newcastle (vs Sheff Weds, 1999/2000)Alan Shearer
78.6%
Arsenal (vs Leeds, 2003/04)Thierry Henry
78.3%
Everton (vs Bournemouth, 2016/17)Romelu Lukaku
76%
Man United (vs Newcastle, 1999/2000)Andy Cole
74.7%
Man United (Ipswich, 1994/95)Andy Cole
74.7%
Liverpool (vs West Brom, 2002/03)Michael Owen
70%
Liverpool (vs Nott'm Forest, 1998/99)Michael Owen
69.9%
Liverpool (vs Boro, 1996/97)Robbie Fowler
68.6%
Liverpool (vs Bolton, 1995/96)Robbie Fowler
68.6%
Chelsea (vs Aston Villa, 2009/10)Frank Lampard
63.2%
Chelsea (vs Derby, 2008/09)Frank Lampard
63.2%
Club (Game) Player % Correct
Tottenham (vs Wigan, 2009/10)Jermain Defoe
62.2%
Man United (vs Blackburn, 2010/11)Dimitar Berbatov
61.4%
Tottenham (vs Reading, 2007/08)Dimitar Berbatov
61.4%
Arsenal (vs Liverpool, 2009/10)Andrey Arshavin
59.6%
Leeds (vs Liverpool, 2000/01)Mark Viduka
51.2%
Tottenham (vs Burnley, 2009/10)Robbie Keane
49.4%
Man City (vs Tottenham, 2011/12)Edin Dzeko
45.3%
Man United (vs Everton, 1999/2000)Ole Gunnar Solskjaer
44.7%
Man United (vs Nott'm Forest, 1998/99)Ole Gunnar Solskjaer
44.7%
Chelsea (vs Coventry, 2000/01)Jimmy Floyd Hasselbaink
38.3%
Blackburn (vs Swansea, 2011/12)Yakubu Ayegbeni
36.4%
Portsmouth (vs Boro, 2003/04)Yakubu Ayegbeni
36.4%
Newcastle (vs Norwich, 2015/16)Georginio Wijnaldum
24.7%
Tottenham (vs Wimbledon, 1997/98)Jurgen Klinsmann
23.8%
Chelsea (vs Barnsley, 1997/98)Gianluca Vialli
22.4%
Everton (vs Blackpool, 2010/11)Louis Saha
19.2%
Norwich (vs Everton, 1993/94)Efan Ekoku
8.3%
Remove Ads.
Support Sporcle.
Get the best of Sporcle when you Go Orange. This ad-free experience offers more features, more stats, and more fun while also helping to support Sporcle. Thank you for becoming a member.

You're not logged in!

Compare scores with friends on all Sporcle quizzes.
OR
Log In

Sporcle TV

Today on Sporcle TV


Watch our educational content, quiz creation guides, and fun videos on Sporcle TV.

Show Comments

Extras

Top Quizzes Today


Score Distribution

Paid Content

Your Account Isn't Verified!

In order to create a playlist on Sporcle, you need to verify the email address you used during registration. Go to your Sporcle Settings to finish the process.

Report this User

Report this user for behavior that violates our Community Guidelines.

Details: